Trouve le bon moteur - Statistiques

Statistiques générales
  • Ce quiz a été pris 289 fois
    209 depuis la dernière actualisation
  • Le résultat moyen est 4 sur 15
Statistiques - réponses
Question Réponse % Correct
2023 Honda Civic Type R I4 2.0 Turbo
59%
2021 Alfa Romeo Guilia GTAm V6 2.9 Biturbo
51%
2011 Lamborghini Sesto Elemento V10 5.2 Atmoshérique
36%
1999 BMW M5 V8 4.9 Atmosphérique
35%
2011 Mercedes SLS AMG V8 6.2 Atmoshérique
33%
2007 Renault Clio RS I4 2.0 Atmosphérique
30%
2016 Porsche Cayenne GTS V6 3.6 Biturbo
24%
2020 Ford Mustang Shelby GT500 V8 5.2 Compresseur
24%
2016 Dodge Challenger R/T V8 6.4 Atmoshérique
17%
2022 Toyota GR86 F4 2.4 Atmoshérique
16%
2009 Audi S4 V6 3.0 Compresseur
13%
2008 Volkswagen Touareg R50 V10 4.9 Biturbo
12%
2012 Ferrari FF V12 6.3 Atmosphérique
12%
2014 Chevrolet Camaro Z/28 V8 7.0 Atmosphérique
10%
2010 Seat Ibiza Cupra I4 1.4 Turbo + Compresseur
5%
Aucun quiz correspondant
Distribution des résultats
% des personnes avec chaque résultat
Percentile par nombre de réponses
Votre historique - résultats
Vous n’avez pas pris ce quiz depuis la dernière actualisation